000 00891cam a22002531 4500
001 12309
003 BD-RjUL
005 20211208235254.0
008 140128s1957 miuab b s001 0 eng d
035 _a(BD-RjUL)12358
040 _aDLC/ICU
_cICU
_dDLC
_d(BD-RjUL)
_beng
041 _aeng
082 0 0 _a599
_bBUM 1957
100 1 _aBurt, William Henry,
_d1903-
_938235
245 1 0 _aMammals of the Great Lakes region /
_cBy Burt, William Henry,
260 _aAnn Arbor :
_bUniversity of Michigan Pres ,
_cc1957
300 _axv, 246 p. :
_billus., maps. ;
_c23 cm.
500 _a"Revision of [the author's] The mammals of Michigan, with species added to include the area surrounding the Great Lakes."
504 _aIncludes Bibliography and Index
650 0 _aMammals
_zGreat Lakes Region (North America)
_938236
942 _2ddc
_cBK
999 _c12309
_d12309